| 000 | 00328nam a2200109Ia 4500 | ||
|---|---|---|---|
| 008 | 171211s9999 xx 000 0 und d | ||
| 245 | _aWordPress: Create a Professional WordPress Site in Minutes | ||
| 245 | _cDaniel Silver | ||
| 260 | _c2015 | ||
| 650 | _xWeb Development | ||
| 856 | _uhttp://down.ebook777.com/011/B00V5AOTSS.pdf | ||
| 999 |
_c350090 _d350090 |
||